Daniel Caesar 20 Most Popular Songs - Statistics

General Stats
  • This quiz has been taken 177 times
  • The average score is 11 of 20
Answer Stats
Streams Answer % Correct
2,013,495,540 Best Part (feat. H.E.R.)
91%
674,461,077 Always
88%
549,155,296 Superpowers
80%
137,361,678 Who Knows
79%
1,536,875,629 Get You (feat. Kali Uchis)
78%
787,021,474 Japanese Denim
69%
420,099,936 Loose
68%
482,362,471 Hold Me Down
63%
143,555,600 Toronto 2014 (with Mustafa)
59%
143,862,872 Transform (feat. Charlie Day Wilson)
58%
226,498,818 Blessed
52%
184,357,742 Valentina
47%
286,965,501 CYANIDE
44%
262,170,458 We Find Love
43%
263,741,935 Streetcar
41%
238,462,329 Let Me Go
36%
159,058,275 Do You Like Me
33%
134,596,903 LOVE AGAIN
28%
119,936,255 Please Do Not Lean (feat. BADBADNOTGOOD)
27%
324,419,241 Who Hurt You
27%
No matching quizzes found
Score Distribution
Percent of People with Each Score
Percentile by Number Answered
Your Score History
You have not taken this quiz